<?xml version="1.0" encoding="UTF-8"?>
<collection xmlns="http://www.loc.gov/MARC21/slim">
 <record>
  <leader>01787nab a2200229 i 4500</leader>
  <controlfield tag="001">acta57360</controlfield>
  <controlfield tag="005">20251007114228.0</controlfield>
  <controlfield tag="008">190418s2018    hu      o     000   hun d</controlfield>
  <datafield tag="022" ind1=" " ind2=" ">
   <subfield code="a">2416-223X</subfield>
  </datafield>
  <datafield tag="040" ind1=" " ind2=" ">
   <subfield code="a">SZTE Egyetemi Kiadványok Repozitórium</subfield>
   <subfield code="b">hun</subfield>
  </datafield>
  <datafield tag="041" ind1=" " ind2=" ">
   <subfield code="a">hun</subfield>
  </datafield>
  <datafield tag="041" ind1=" " ind2=" ">
   <subfield code="a">eng</subfield>
  </datafield>
  <datafield tag="100" ind1="1" ind2=" ">
   <subfield code="a">Orosz Lajos</subfield>
  </datafield>
  <datafield tag="245" ind1="1" ind2="0">
   <subfield code="a">Magyar repülők a Délvidék felett </subfield>
   <subfield code="h">[elektronikus dokumentum] :</subfield>
   <subfield code="b">1941. április /</subfield>
   <subfield code="c"> Orosz Lajos</subfield>
  </datafield>
  <datafield tag="260" ind1=" " ind2=" ">
   <subfield code="c">2018</subfield>
  </datafield>
  <datafield tag="300" ind1=" " ind2=" ">
   <subfield code="a">5-20</subfield>
  </datafield>
  <datafield tag="490" ind1="0" ind2=" ">
   <subfield code="a">Délvidéki szemle</subfield>
   <subfield code="v">5 No. 1</subfield>
  </datafield>
  <datafield tag="520" ind1="3" ind2=" ">
   <subfield code="a">The Hungarian Government was seeking the opportunity to avoid involvement in the German attack that had been prepared against Yugoslavia until the last moment. Finally, it yielded under Berlin’s pressure. The poorly equipped flying troops struggling with serious technical and staff deficiencies only played a supplementary role besides the German air force. They performed permanent reconnoitring activities in front of the Hungarian troops started out to take possession of Southland. They controlled the air space and protected the military corps from the air. They did not bomb inhabited places. Bombers were only applied in order to support the break-through of the Yugoslavian lines, but as the Yugoslavian armies withdrew, even this attack was terminated. In order to occupy the bridges of the Francis Channel, a parachuting operation took place, what however failed because one of the air-carriers crashed. The one-week operations have provided important lessons.</subfield>
  </datafield>
  <datafield tag="650" ind1=" " ind2="4">
   <subfield code="a">Bölcsészettudományok</subfield>
  </datafield>
  <datafield tag="650" ind1=" " ind2="4">
   <subfield code="a">Történettudomány és régészet</subfield>
  </datafield>
  <datafield tag="695" ind1=" " ind2=" ">
   <subfield code="a">Jugoszlávia története - 1941, Délvidék története - 1941, Világháború - 2. - 1941</subfield>
  </datafield>
  <datafield tag="856" ind1="4" ind2="0">
   <subfield code="u">http://acta.bibl.u-szeged.hu/57360/1/delvideki_szemle_2018_001_005-020.pdf</subfield>
   <subfield code="z">Dokumentum-elérés </subfield>
  </datafield>
 </record>
</collection>
